Statistical thermodynamics and properties of matter / (Record no. 30245)

000 -LEADER
fixed length control field 00588 a2200181 4500
020 ## - INTERNATIONAL STANDARD BOOK NUMBER
International Standard Book Number 9056991957
020 ## - INTERNATIONAL STANDARD BOOK NUMBER
International Standard Book Number 9789056991951
082 ## - DEWEY DECIMAL CLASSIFICATION NUMBER
Classification number 536.7
090 ## - LOCALLY ASSIGNED LC-TYPE CALL NUMBER (OCLC); LOCAL CALL NUMBER (RLIN)
-- 1636
-- 1636
100 1# - MAIN ENTRY--PERSONAL NAME
Personal name Couture, Lucienne
245 10 - TITLE STATEMENT
Title Statistical thermodynamics and properties of matter /
Statement of responsibility, etc. L. Couture, R. Zitoun.
250 ## - EDITION STATEMENT
Edition statement 1st ed.
260 ## - PUBLICATION, DISTRIBUTION, ETC.
Place of publication, distribution, etc. [S.l.] :
Name of publisher, distributor, etc. CRC Press,
Date of publication, distribution, etc. 2000.
300 ## - PHYSICAL DESCRIPTION
Extent 626 p. ;
Dimensions 26 cm.
700 1# - ADDED ENTRY--PERSONAL NAME
Personal name Zitoun, Robert
942 ## - ADDED ENTRY ELEMENTS (KOHA)
Institution code [OBSOLETE] SNS
Koha item type Book
Call number prefix 536.7 COU
Holdings
Withdrawn status Lost status Damaged status Not for loan Permanent Location Current Location Date acquired Total Checkouts Full call number Barcode Date last seen Price effective from Koha item type
        School of Natural Sciences (SNS) School of Natural Sciences (SNS) 05/26/2016   536.7 COU SNS0000619 04/30/2018 05/26/2016 Book
© 2023 Central Library, National University of Sciences and Technology. All Rights Reserved.